| 000 | 01300pam a2200325 a 4500 | ||
|---|---|---|---|
| 001 | 1670452 | ||
| 003 | NUST-PNEC | ||
| 005 | 20170116180711.0 | ||
| 008 | 980428s1998 ge a b 001 0 eng | ||
| 010 | _a 98022434 | ||
| 020 | _a3540611851 | ||
| 040 | _cPNEC | ||
| 041 | 1 |
_aeng _hger |
|
| 050 | 0 | 0 |
_aTS205 _b.H33413 1998 |
| 082 | 0 | 0 |
_a671.302 SCH _221 |
| 100 |
_9556 _aSchuler ,GmbH |
||
| 130 | 0 |
_aHandbuch der Umformtechnik. _lEnglish |
|
| 245 | 1 | 0 |
_aMetal forming handbook / _cSchuler GmbH. |
| 260 |
_aBerlin ; _aNew York : _bSpringer-Verlag, _cc1998. |
||
| 300 |
_axx, 563 p. : _bcol. ill. ; _c24 cm. |
||
| 500 | _aIncludes Index http://www.amazon.com/Metal-Forming-Handbook-Schuler-GmbH/dp/3540611851/ref=sr_1_1?s=books&ie=UTF8&qid=1413180547&sr=1-1&keywords=3540611851 | ||
| 504 | _aIncludes bibliographical references and index. | ||
| 650 | 0 |
_aMetal-work. _xME |
|
| 710 | 2 | _aSchuler GmbH. | |
| 856 | 4 | 2 |
_3Publisher description _uhttp://www.loc.gov/catdir/enhancements/fy0815/98022434-d.html |
| 856 | 4 | 1 |
_3Table of contents only _uhttp://www.loc.gov/catdir/enhancements/fy0815/98022434-t.html |
| 906 |
_a7 _bcbc _corignew _d1 _eocip _f19 _gy-gencatlg |
||
| 942 |
_2ddc _cBK |
||
| 999 |
_c60983 _d60983 |
||